Normal view MARC view

Entry Personal Name

Number of records used in: 1

001 - CONTROL NUMBER

  • control field: 44300

003 - CONTROL NUMBER IDENTIFIER

  • control field:

005 - DATE AND TIME OF LATEST TRANSACTION

  • control field: 20240425131129.0

008 - FIXED-LENGTH DATA ELEMENTS

  • fixed length control field: 240425|| aca||aabn | a|a d

040 ## - CATALOGING SOURCE

  • Original cataloging agency:
  • Transcribing agency:

100 ## - HEADING--PERSONAL NAME

  • Personal name: BOUKMAN Daniel
  • Dates associated with a name: 1936

670 ## - SOURCE DATA FOUND

  • Source citation: Work cat.: ()22705: BOUKMAN Daniel 1936 aut, Centred pleins, ventures creux., 1971

National Library of Nigeria OPAC is powered by Koha